LEADER 00833nam2-22003131i-450- 001 990000187630403321 035 $a000018763 035 $aFED01000018763 035 $a(Aleph)000018763FED01 035 $a000018763 100 $a20011111d--------km-y0itay50------ba 101 0 $aita 105 $ay-------001yy 200 1 $a1. : 98 p. : ill. 210 $aBergamo$cEditrice San Marco$d1972- 215 $av.$d24 cm 461 0$1001000000244$12001$aSaldatura 610 0 $aSaldatura elettrica ad arco 610 0 $aSaldatura ossiacetilenica 676 $a671.5 700 1$aBesenzoni,$bRoberto$0330970 801 0$aIT$bUNINA$gRICA$2UNIMARC 901 $aBK 912 $a990000187630403321 952 $a13 B 33 27$b27785$fFINBC 959 $aFINBC 996 $a1. : 98 p. : ill$9122683 997 $aUNINA DB $aING01 LEADER 01236nam--2200373---450- 001 990003385740203316 005 20100409154520.0 010 $a978-88-85333-88-8 035 $a000338574 035 $aUSA01000338574 035 $a(ALEPH)000338574USA01 035 $a000338574 100 $a20100409d2008----km-y0itay50------ba 101 $aita 102 $aIT 105 $a||||||||001yy 200 1 $a<> misurazione dell'efficacia e dell'efficienza dei processi formativi nelle amministrazioni pubbliche$ecriticità attuali e prospettive future$fVincenzo Sforza 210 $aRoma$cRirea$dstampa 2008 215 $aVIII, 120 p.$cill.$d24 cm 300 $aBibl.: p. 117-120 606 0 $aAmministrazione pubblica$xFormazione$xValutazione 606 0 $aEfficacia 606 0 $aEfficienza 676 $a350.0068 700 1$aSFORZA,$bVincenzo$0299240 801 0$aIT$bsalbc$gISBD 912 $a990003385740203316 951 $aP08 2445$bDISTRA 959 $aBK 969 $aDISTRA 979 $aDISTRA2$b90$c20100409$lUSA01$h1317 979 $aPAOLA$b90$c20100409$lUSA01$h1545 996 $aMisurazione dell'efficacia e dell'efficienza dei processi formativi nelle amministrazioni pubbliche$91127237 997 $aUNISA